000 00545nam a22001937a 4500
003 CEME
005 20210628202618.0
008 210122b xxu||||| |||| 00| 0 eng d
020 _a81-224-1468-0
040 _c.
082 _a629.132323 YAH
100 _aYahya , S. M
_960716
245 _aFundamentals of compressible flow with aircraft and rocket propulsion
250 _a3RD
260 _aNEW DELHI
_bNEW AGE
_c2003
300 _aXV,688 P
650 _aCOMPRESSIBLE FLOW WITH AIRCRAFT AND ROCKET PROPULSION
_960717
942 _cBK
_2ddc
999 _c570381
_d570381